Khảo sát khả năng giữ ẩm của sản phẩm từ tinh bột sắn biến tính trên nền đất cát ven biển Đà Nẵng
Tổng quan về đất, thành phần hóa học, thành phần cơ giới của đất, các nhóm vi sinh vật trong đất. Chất giữ ẩm, vật liệu siêu hấp thụ nước, chế phẩm sinh học giữ ẩm cho đất...
Gespeichert in:
| 1. Verfasser: | |
|---|---|
| Weitere Verfasser: | |
| Format: | Buch |
| Sprache: | Vietnamese |
| Veröffentlicht: |
Đà Nẵng
ĐH Sư Phạm
2007
|
| Schriftenreihe: | Khóa luận tốt nghiệp. Chuyên ngành: Cử nhân Hóa
|
| Schlagworte: | |
| Tags: |
Tag hinzufügen
Keine Tags, Fügen Sie den ersten Tag hinzu!
|
| Thư viện lưu trữ: | Mạng thư viện Đại học Đà Nẵng |
|---|
| LEADER | 01564nam a2200361 4500 | ||
|---|---|---|---|
| 001 | 000012036 | ||
| 003 | 8320 | ||
| 005 | 20120216150206.0 | ||
| 008 | 120215s2007 viesd | ||
| 041 | |a vie | ||
| 072 | |a Khóa luận tốt nghiệp | ||
| 082 | |a 664.2 |b LE-D | ||
| 100 | |a Lê. Thị Hồng Dương |e Tác giả | ||
| 245 | |a Khảo sát khả năng giữ ẩm của sản phẩm từ tinh bột sắn biến tính trên nền đất cát ven biển Đà Nẵng |c Lê. Thị Hồng Dương | ||
| 260 | |a Đà Nẵng |b ĐH Sư Phạm |c 2007 | ||
| 300 | |a 79 tr |c 29 cm | ||
| 490 | |a Khóa luận tốt nghiệp. Chuyên ngành: Cử nhân Hóa | ||
| 500 | |a Khoa Hóa học | ||
| 520 | |a Tổng quan về đất, thành phần hóa học, thành phần cơ giới của đất, các nhóm vi sinh vật trong đất. Chất giữ ẩm, vật liệu siêu hấp thụ nước, chế phẩm sinh học giữ ẩm cho đất... | ||
| 653 | |a Giữ ẩm | ||
| 653 | |a Tinh bột sắn | ||
| 653 | |a Đà nẵng | ||
| 700 | |a Trần Mạnh Lục |c ThS. |e Người hướng dẫn | ||
| OWN | |a LSP | ||
| AVA | |a UDN50 |b LSP |d 664.2 LE-D |e available |t Error 5001 Not defined in file expand_doc_bib_avail. |f 1 |g 0 |h N |i 0 |k 1 | ||
| 999 | |a From the UDN01 | ||
| AVA | |a UDN50 |b LSP |d 664.2 LE-D |e available |t Error 5001 Not defined in file expand_doc_bib_avail. |f 1 |g 0 |h N |i 0 |k 1 | ||
| TYP | |a Monograph | ||
| TYP | |a Printed language | ||
| 980 | |a Mạng thư viện Đại học Đà Nẵng | ||